[Event "Bishkek zt"]
[Site "Bishkek"]
[Date "1993.??.??"]
[Round "?"]
[White "Kakageldyev, Amanmurad"]
[Black "Yurtaev, Leonid"]
[Result "1/2-1/2"]
[WhiteElo "2415"]
[BlackElo "2540"]
[Annotator "Stohl,I"]
[PlyCount "84"]
[EventDate "1993.??.??"]
[EventType "tourn"]
[EventRounds "13"]
[EventCountry "KGZ"]
[EventCategory "7"]
[SourceTitle "CBM 035"]
[Source "ChessBase"]
[SourceDate "1993.08.01"]
[SourceVersion "1"]
[SourceVersionDate "1993.08.01"]
[SourceQuality "1"]

1. d4 Nf6 2. c4 c5 3. d5 g6 4. Nc3 Bg7 5. e4 d6 6. Nf3 O-O 7. h3 e6 8. Bd3 exd5
9. cxd5 a6 (9... b5 $5 10. Nxb5 Re8 11. O-O Nxe4 12. Re1 a6 (12... Ba6 $5 $132)
13. Na3 Nf6 14. Rxe8+ Nxe8 15. Nc4 Bb7 16. Bc2 Nd7 17. Bd2 $1 Bxd5 18. Ba5 Bxf3
19. Qxf3 Qc8 20. Bb3 Rb8 21. Re1 $44 {Hracek,Z-Knazovcik,L/Luhacovice ch-CR/
1993/}) 10. a4 Re8 11. O-O Nbd7 12. Re1 Nh5 (12... Qc7 13. Bc4 $5 (13. Bf4 Nh5
14. Bh2 Ne5 15. Be2 Nf6 16. Nd2 (16. Nxe5 dxe5 17. a5 Bh6 $132) 16... g5 17.
Bxe5 Rxe5 18. Nf3 Re8 19. Nxg5 h6 20. Nf3 Nxe4 21. Bd3 Nf6 $13 {Cramling,
P-Velimirovic,D/Novi Sad olm/1990/}) 13... Rb8 (13... h6 14. Bf4 Nh5 15. Bh2
Ne5 16. Nd2 $5 Qd8 17. f4 Nxc4 18. Nxc4 Bd4+ 19. Kh1 f5 20. e5 dxe5 21. fxe5 f4
22. e6 $18 {Dokhoian,Y-Pekarek,A/BL9293/1993/}) 14. Bf4 Nh5 15. Bh2 Ne5 16. Be2
Nxf3+ 17. Bxf3 Nf6 18. e5 $1 dxe5 19. d6 Qd7 20. Bxe5 Re6 21. Qd2 Ne4 22. Nxe4
Rxe5 23. Bg4 f5 24. Ng5 $1 $40 {Kozul,Z-Kljako,D/Bled/1993/}) 13. Bf1 $1 {N} (
13. Bg5 Bf6 14. Bxf6 Qxf6 15. Bf1 Ne5 16. Nxe5 Qxe5 17. g3 Bd7 18. Qc2 b5 19.
axb5 axb5 20. Bxb5 Rxa1 21. Rxa1 Bxb5 22. Nxb5 Nf6 23. Nc3 Nxe4 24. Re1 $14 {
Vyzhmanavin,A-Tataev,M/Moscow/1990/}) 13... Ne5 14. Nh2 $1 Rb8 15. g4 Nf6 16.
f4 Ned7 17. Nf3 $16 {[+]()/\e5+-} b5 $5 (17... h5 18. e5 dxe5 19. fxe5 Nh7 20.
Bf4 hxg4 21. hxg4 $16 {->>>}) (17... Nf8 18. e5 N6d7 19. e6 $1 $16) 18. axb5
axb5 19. e5 b4 20. Nb5 (20. exf6 $2 bxc3 21. fxg7 cxb2 $17) 20... dxe5 21. fxe5
Nxg4 $8 22. e6 $1 (22. hxg4 Nxe5 23. Nxe5 Bxe5 $44) 22... Nge5 (22... fxe6 23.
dxe6 $18) 23. Nd6 (23. exd7 Bxd7 $44) 23... Re7 (23... fxe6 24. Nxe8 Qxe8 25.
Nxe5 Bxe5 (25... Nxe5 26. Bf4 exd5 27. Bxe5 $18) 26. Rxe5 $1 Nxe5 27. Bf4 $18)
24. Nxc8 Rxc8 25. exd7 Qxd7 26. Bf4 $1 Nxf3+ 27. Qxf3 $16 Bxb2 28. d6 Ree8 29.
Rxe8+ Rxe8 30. Ra8 Rxa8 31. Qxa8+ Kg7 32. Qd5 Bd4+ 33. Kh2 (33. Kg2 $142 $16)
33... b3 $5 34. Be5+ $6 (34. Qxb3 $5 Qf5 35. Qg3 g5 $1 36. Qxg5+ Qxg5 37. Bxg5
Be5+ 38. Kg2 Bxd6 $16) 34... Bxe5+ 35. Qxe5+ f6 36. Qxc5 b2 37. Bd3 Qa4 $1 $8
38. Qc7+ (38. Qd5 $2 Qf4+ 39. Kg2 Qd2+ {/\b1Q-+}) 38... Kh6 39. d7 Qd4 $1 $10
40. d8=Q (40. Kg2 $2 Qxd3 41. d8=Q Qxd8 42. Qxd8 b1=Q $15) 40... Qf2+ 41. Kh1
b1=Q+ $1 42. Bxb1 Qf1+ {[Stohl]} (42... Qf1+ 43. Kh2 Qf2+ $10) 1/2-1/2

[Event "Interzonal-14c"]
[Site "Zagreb"]
[Date "1987.??.??"]
[Round "16"]
[White "Granda Zuniga, Julio E"]
[Black "Hulak, Krunoslav"]
[Result "0-1"]
[WhiteElo "2525"]
[BlackElo "2495"]
[Annotator "Stohl,I"]
[PlyCount "96"]
[EventDate "1987.08.01"]
[EventType "tourn"]
[EventRounds "17"]
[EventCountry "YUG"]
[EventCategory "12"]
[SourceTitle "CBM 004"]
[Source "ChessBase"]
[SourceDate "1988.06.01"]
[SourceVersion "1"]
[SourceVersionDate "1988.06.01"]
[SourceQuality "1"]

1. d4 Nf6 2. c4 e6 3. Nf3 c5 4. d5 exd5 5. cxd5 d6 6. Nc3 g6 7. e4 Bg7 8. Bd3
O-O 9. O-O Bg4 $10 10. h3 Bxf3 11. Qxf3 Nbd7 12. Qd1 (12. Bf4 Qe7 $10) 12... a6
13. a4 Rc8 14. Re1 Re8 15. Bf4 $146 (15. Be3) 15... c4 16. Bf1 Nc5 17. Qc2 (17.
Bxc4 Ncxe4 $15) (17. e5 $5) 17... Nb3 18. Rad1 Qc7 19. Kh1 (19. e5 $6 dxe5 20.
d6 Qc5 21. Ne4 Nd4 $1 $17) 19... Nd7 $15 20. Bh2 Qc5 21. f4 b5 22. e5 dxe5 23.
Ne4 Qf8 (23... Qb4 $5) 24. fxe5 Nxe5 25. Qf2 (25. d6 Nd7 $17) 25... f5 26. Nc3
b4 27. d6 $8 bxc3 28. Bxe5 Rxe5 29. d7 Rd8 (29... cxb2 $6 30. dxc8=Q Qxc8 31.
Rxe5 {/\Qc2}) 30. Bxc4+ Kh8 31. Bxb3 cxb2 $17 32. Rxe5 Bxe5 33. Qe2 Qf6 34. Ba2
Kg7 35. Qd3 h5 36. Bc4 Bc7 $6 $17 (36... a5 $142 $1) 37. Bxa6 Qe5 38. Kg1 Rb8
39. Bb5 h4 40. Kf1 Bd8 41. Qe2 Qf4+ 42. Qf3 $6 (42. Kg1 $17) 42... Qc1 43. Qd3
Rb6 $1 44. Qb1 Qf4+ 45. Kg1 Qb4 46. Kh1 Re6 $19 47. Bf1 Re3 48. Qc2 Rc3 (48...
Rc3 49. Qd2 (49. Qb1 Ra3) 49... Rxh3+ $1 $19) 0-1

[Event "USA-ch m"]
[Site "Jacksonville"]
[Date "1990.??.??"]
[Round "3"]
[White "Alburt, Lev O"]
[Black "De Firmian, Nick E"]
[Result "1-0"]
[WhiteElo "2530"]
[BlackElo "2560"]
[Annotator "Stohl,I"]
[PlyCount "83"]
[EventDate "1990.08.??"]
[EventType "k.o."]
[EventRounds "4"]
[EventCountry "USA"]
[SourceTitle "CBM 021"]
[Source "ChessBase"]
[SourceDate "1991.04.01"]
[SourceVersion "1"]
[SourceVersionDate "1991.04.01"]
[SourceQuality "1"]

1. d4 Nf6 2. c4 c5 3. d5 e6 4. Nc3 exd5 5. cxd5 d6 6. Nf3 g6 7. h3 Bg7 8. e4
O-O 9. Bd3 b5 10. Nxb5 (10. Bxb5 Nxe4 11. Nxe4 Qa5+ 12. Nfd2 Qxb5 13. Nxd6 Qa6
14. N2c4 Nd7 15. O-O Nb6 (15... Ne5 $5 16. Nxc8 Raxc8 17. Nxe5 Bxe5 18. Re1
Rfe8 19. Bg5 {Bareev-Vera,Novi Sad (ol) 1990} Qd6 $5 $146) 16. Nxb6 Qxb6 17.
Nxc8 Raxc8 18. Qc2 (18. Rb1 Qd6 19. Be3 Rfd8 20. Qa4 Qxd5 21. Rfd1 Bd4 $10 {
Kozul-Vranesic,Toronto 1990-CBM 20}) 18... Rfd8 19. Rd1 Bd4 20. Qc4 Qb7 21. Be3
Qxd5 22. Qxd5 Rxd5 23. Rd2 Rd6 24. Kf1 Rb6 $1 25. Bxd4 cxd4 26. b3 Ra6 $1 $10 {
Salov-Tal,Skelleftea 1989-CBM 14}) 10... Nxe4 $2 (10... Re8 $5 11. Bg5 $6 (11.
Nc3 Nxe4 $1 12. Nxe4 f5 13. Nfd2 fxe4 14. Nxe4 Bf5 15. f3 Qh4+ $40) (11. O-O
Nxe4 12. Re1 a6 $13) 11... Qb6 12. Bxf6 Bxf6 13. Qc2 Na6 14. a3 Bd7 15. Nc3
Rab8 16. Rb1 c4 $1 17. Be2 Bxc3+ 18. Qxc3 Nc5 19. O-O Nxe4 20. Qxc4 Ng3 $19 {
Kalinichev-Semeniuk,Leningrad ch-T 1989-TD 89_09}) 11. Bxe4 Re8 12. Ng5 $3 {N}
(12. Nd2 Ba6 13. a4 Qa5 14. Nxd6 Nd7 15. Qc2 f5 16. Nxe8 Rxe8 17. Kd1 fxe4 18.
Nxe4 Qb4 19. f3 Re5 20. Nc3 Qd4+ 21. Qd2 Bd3 $44 {Lokotar-Marin,Vosu 1989-48/
115}) 12... f5 (12... Bxb2 13. Bxb2 Qxg5 14. O-O Rxe4 15. Nxd6 Rb4 (15... Bxh3
16. Qf3 $18) 16. Bc3 Bxh3 17. Qf3 $18) (12... h6 13. Ne6 $1 Qa5+ (13... fxe6
14. O-O e5 15. Bxg6 $18) (13... Bxe6 14. dxe6 Rxe6 15. Qd5 $18) 14. Nc3 Bxc3+
15. bxc3 Qxc3+ 16. Bd2 Qe5 17. O-O Bxe6 (17... Qxe4 18. Nc7 Rd8 19. Nxa8 Qxd5
20. Ba5 $18) 18. Re1 (18. dxe6 Qxe4 19. exf7+ Kxf7 20. Re1 Qd5 21. Rxe8 Kxe8
22. Bxh6 Qxd1+ 23. Rxd1 Ke7 24. Bf4 $16) 18... Bd7 $8 19. Qc2 $1 f5 (19... Na6
$2 20. Bd3 $18) 20. Bc3 Qf4 21. g3 Qg5 22. Bd3 $40) 13. O-O fxe4 14. Re1 Qb6 (
14... Bf5 15. g4 Bf6 16. Nxh7 $1 Kxh7 17. gxf5 $16) 15. Nc3 Nd7 16. Ncxe4 Bb7
17. Bf4 Ne5 18. Ne6 Bh8 19. N4xc5 $1 (19. Bg5 $5 Nd7 20. Qf3 $40) 19... dxc5
20. Bxe5 Bxe5 21. Rxe5 Qd6 22. Rg5 Bxd5 23. Qxd5 (23. Rxd5 $1 Qxe6 24. Rc1 $18)
23... Qxd5 24. Rxd5 Rxe6 25. Rxc5 Re2 26. Rac1 Rf8 27. R1c2 $2 (27. Rc8 Rexf2
28. Rxf8+ Rxf8 29. Rc2 $18 {/\ Rf2,Kf1-e1}) 27... Rfxf2 28. Rc8+ Kg7 29. R8c7+
Kh6 30. Rxe2 Rxe2 31. Rb7 a6 32. a4 Kg5 (32... a5 $5 $14) 33. b4 h5 $2 (33...
Ra2 $8 34. a5 h5 35. Rb6 Rb2 36. Kf1 $14) 34. Rb6 Rb2 35. b5 a5 (35... axb5 36.
Rxb5+ $18) 36. Ra6 $18 Kf4 37. Rxg6 Rb4 38. Rf6+ Kg3 39. Rf1 Rxa4 (39... Rb2
40. Rf3+ Kh4 41. Kh2 $18) 40. Rb1 Rb4 $2 (40... Re4 41. b6 Re8 42. b7 Rb8 43.
Rb5 a4 (43... h4 44. Rxa5 Rxb7 45. Rg5+ Kf4 46. Rg4+ $18) 44. Rxh5 $1 Rxb7 45.
Rg5+ Kf4 46. Rg4+ $18) 41. Rxb4 axb4 42. b6 {[Stohl]} 1-0

[Event "St Petersburg-ch"]
[Site "St Petersburg"]
[Date "1995.??.??"]
[Round "10"]
[White "Aseev, Konstantin N"]
[Black "Nepomnishay, Mikhail I"]
[Result "1-0"]
[WhiteElo "2530"]
[BlackElo "2410"]
[Annotator "Stohl,I"]
[PlyCount "101"]
[EventDate "1995.04.??"]
[EventType "tourn"]
[EventRounds "12"]
[EventCountry "RUS"]
[EventCategory "9"]
[SourceTitle "CBM 047"]
[Source "ChessBase"]
[SourceDate "1995.08.01"]
[SourceVersion "1"]
[SourceVersionDate "1995.08.01"]
[SourceQuality "1"]

1. d4 {Chekhov} Nf6 2. c4 e6 3. Nf3 c5 4. d5 exd5 5. cxd5 d6 6. Nc3 g6 7. e4
Bg7 8. h3 O-O 9. Bd3 b5 10. Nxb5 Re8 11. O-O (11. Bg5 $5 $14) (11. Nc3 {Chekhov
} Nxe4 12. Nxe4 f5 13. Bg5 Qd7 14. Nfd2 fxe4 15. Nxe4 c4 16. Bc2 Qf5 17. Qe2
Nd7 $44 {Sapis/}) (11. Nd2 {Chekhov} Nxe4 $1 12. Bxe4 Ba6 13. a4 Qa5 14. Nxd6
Nd7 15. Qc2 f5 16. Kd1 fxe4 17. N2c4 Qd8 $1 18. Nxe8 Qxe8 19. Bd2 Qf7 $1 $132 {
Matveeva,S-Prudnikova,S/URS/1991/}) 11... Nxe4 12. Re1 a6 (12... Ba6 13. Qa4 $1
Nf6 14. Bg5 Rf8 15. Rad1 Qb6 16. Bf1 Nbd7 17. Bf4 c4 18. Nxd6 Nc5 19. Qa3 Nfd7
20. Rb1 Rab8 21. Nxc4 Bxc4 22. Bxc4 Bxb2 23. Qe3 $16 {Murdzia,P-Wojtkiewicz,A/
POL-chT/1993/}) 13. Na3 Nf6 (13... f5 $6 14. Nc4 Nd7 15. Bxe4 fxe4 16. Nxd6 Rf8
17. Nxe4 Ne5 18. Nxe5 Bxe5 19. d6 Bd4 20. Be3 Qb6 21. Nxc5 $1 $18 {Voiska,
M-Birens,EA/Cappelle op/1993/}) 14. Rxe8+ Nxe8 15. Bg5 (15. Nc4 Bb7 (15... Nd7
{Chekhov} 16. Bf4 Nb6 $1 $13) 16. Bc2 Nd7 17. Bd2 Ndf6 18. Ba5 Nc7 19. Ne3 Qe7
20. Bb3 Ne4 21. Qd3 Nb5 22. Re1 f5 23. Nc2 Qf6 24. a4 Nd4 25. Ncxd4 cxd4 26.
Bb6 $16 {Manninen,M-Olafsson,H/Reykjavik zt/1995/}) 15... Bf6 {N/} (15... Nf6
$5 16. Qd2 Bb7 17. Bc4 Nbd7 18. Re1 Qf8 19. b3 Nb6 20. Bxf6 Bxf6 21. Nc2 Qd8
22. g3 Qd7 23. Kg2 Bg7 $15 {^^,Sinkovics,P-Urban,K/Bagneaux/1993/}) (15... Qc7
$5 16. Qd2 Bb7 17. Re1 Nd7 18. Bc2 Nef6 19. Bb3 Re8 20. Rxe8+ Nxe8 21. Nc4 Nef6
22. Bf4 Bf8 23. Ne3 Nb6 24. Qd3 Qd7 25. Bc4 Nxc4 26. Qxc4 Qb5 $15 {Gelfand,
B-Topalov,V/Moscow olm/1994/}) (15... f6 {Chekhov} 16. Bf4 Nd7 17. Nc4 Ne5 18.
Bxe5 $1 fxe5 19. Nfd2 $14 {Li,M-Perez,J/Havana/1994/0,5/34/}) 16. Qd2 Bb7 17.
Be4 (17. Bc2 Nd7 18. Nc4 Bxg5 19. Nxg5 Ndf6 20. Ne3 h6 21. Ne4 Nxe4 22. Bxe4
Qg5 23. g3 Nf6 24. Bg2 Re8 25. h4 Qe5 $10 {Neverov,V-Berelovich,A/Sochi/1993/})
17... Nd7 18. Re1 Bxg5 $5 $146 (18... Nb6 19. b3 Bxg5 20. Nxg5 Nf6 21. Nc4 Nxc4
22. bxc4 Bc8 23. Bc2 Ra7 24. Qe3 Rb7 25. Ba4 Bd7 26. Bc6 $5 $14 {Epishin,
V-Topalov,V/Las Palmas/1994/}) 19. Nxg5 Nef6 20. Nc4 (20. Bf3 $6 {Chekhov} Ne5)
20... Nb6 $1 (20... h6 $2 21. Nxf7 $1 Kxf7 22. Nxd6+ Kg7 23. Nxb7 Qb6 24. Na5
$18) 21. Nxb6 $8 (21. Ne3 $2 h6 $19) 21... Qxb6 22. Bf3 Qb4 $6 (22... Re8 $142
23. Rxe8+ Nxe8 24. Ne4 (24. Qf4 $14 {Chekhov}) 24... Bc8 $5 $10 (24... Qb4 $132
)) (22... h6 {Chekhov} 23. Ne4 Nxd5 24. Qxh6 $40) 23. Qxb4 cxb4 24. Re7 $1 $36
{_|_,׫} Bxd5 $8 25. Bxd5 Nxd5 26. Rd7 (26. Rxf7 $2 h6 $17) 26... Nf6 (26... f6
$5 27. Nf7 $1 $36 (27. Ne4 Re8 28. f3 f5 $132) (27. Nxh7 Re8 28. Rxd6 Kxh7 29.
Rxd5 Re1+ 30. Kh2 Re2 31. Ra5 Rxb2 (31... Rxf2 $6 32. b3 $16) 32. f3 b3 33.
axb3 Rxb3 34. Rxa6 f5 $10) (27. Nf3 Nb6 28. Rxd6 Nc4 29. Rd4 Nxb2 30. Rxb4 Nd3
31. Rb6 $14)) (26... Nb6 27. Rxf7 h6 28. Rb7 $16) 27. Rxd6 (27. Rxf7 {Chekhov}
Ne4 $1) 27... Kg7 28. Rb6 h6 (28... Nd5 29. Rb7 $16) 29. Nf3 a5 (29... Nd5 30.
Rd6 $36) 30. Ne5 Re8 $5 (30... Ra7 31. Nc6 {/\Rb5}) 31. Rb5 (31. f4 {Chekhov}
Nd5 $1) 31... a4 32. g3 $5 {/\Nd3} (32. f4 a3 (32... Nh5 33. Rxb4 a3 34. b3 (
34. bxa3 Nxf4 $44) 34... Rd8 35. g4 Rd1+ 36. Kf2 Nf6 37. Rb7 $18) 33. bxa3 (33.
Rxb4 Nd5 34. Rb7 axb2 $10) 33... bxa3 34. Rb7 Nh5 $5 35. Rxf7+ Kg8 36. Ra7 Nxf4
37. Ng4 Re2 $44) 32... a3 (32... Ne4 {Chekhov} 33. Nd3 $1) 33. bxa3 (33. b3 $6
Ne4 $132) 33... bxa3 34. Ra5 Ne4 35. Nd3 $1 Rc8 36. Rxa3 $14 Rc2 37. h4 g5 38.
hxg5 hxg5 39. Kg2 Nd2 (39... Nc3 40. Nb4 $16) (39... f6 40. Kf3 Nd6 $14) (39...
g4 $5 {Chekhov}) 40. Ne5 (40. Ra7 $5) 40... f5 (40... Ne4 $142 41. Nd3 $14 (41.
Kf3 Nxf2 42. Ra7 Kf6 $132)) 41. Ra7+ (41. Nf3 {Chekhov} Ne4) 41... Kf6 42. Nd3
g4 $2 (42... Ne4 $1 43. Kf3 $14) 43. Ra6+ Ke7 (43... Kg5 $2 44. Nf4 {/\Rg6#})
44. Ra5 Rc3 (44... Kf6 $142 45. Nb4 (45. Nf4 {Chekhov} Ne4) (45. Ra6+ Ke7)
45... Rc1 46. Nd5+ Ke6 (46... Kg5 47. Ne3 Nf3 48. Nxg4 $1 Nh4+ 49. Kh3 $1 Rh1+
50. Nh2 Nf3 51. Kg2 $18) 47. Nf4+ Kf6 48. Ra6+ Kf7 49. Ne2 $16) 45. Nf4 Rc1 46.
Ne2 $1 (46. Rxf5 $2 Nf3 47. Ng6+ (47. Ne2 Ra1 $10) 47... Ke6 48. Rxf3 gxf3+ 49.
Kxf3 Ra1 $10) 46... Ra1 47. Nd4 $18 Nc4 48. Rc5 $1 Rc1 (48... Nd6 49. Nxf5+
Nxf5 50. Rxf5 Rxa2 51. Rf4 $18) 49. Rxf5 Ra1 50. Rf4 Rxa2 $2 (50... Ne5 51.
Nf5+ Ke6 52. Nh6 $18) 51. Nc6+ {/\Rc4} 1-0

[Event "Tel Aviv ASA"]
[Site "Tel Aviv"]
[Date "1995.??.??"]
[Round "2"]
[White "Manor, Ilan"]
[Black "Golod, Vitali"]
[Result "0-1"]
[WhiteElo "2500"]
[BlackElo "2545"]
[Annotator "Stohl,I"]
[PlyCount "68"]
[EventDate "1995.??.??"]
[EventType "tourn"]
[EventRounds "9"]
[EventCountry "ISR"]
[EventCategory "10"]
[SourceTitle "CBM 050"]
[Source "ChessBase"]
[SourceDate "1996.02.01"]
[SourceVersion "1"]
[SourceVersionDate "1996.02.01"]
[SourceQuality "1"]

1. d4 {Giese Mowsziszian} Nf6 2. c4 g6 3. Nc3 Bg7 4. e4 d6 5. Nf3 O-O 6. h3 c5
7. d5 e6 8. Bd3 exd5 9. cxd5 a6 (9... Na6 10. O-O Nc7 11. a4 b6 12. Bf4 a6 13.
Qd2 Ra7 $6 14. Rfe1 Nce8 15. e5 dxe5 16. Nxe5 Bb7 17. Rad1 Qc8 18. Bf1 Nc7 19.
d6 Ncd5 20. d7 Qd8 21. Bg5 Nxc3 22. bxc3 $18 {o^d7,Mitenkov,A-Tseshkovsky,V/
RUS-ch Elista/1995/}) (9... b5 $5 {Mowsziszian} 10. Nxb5 (10. Bxb5 Nxe4 11.
Nxe4 Qa5+ 12. Nfd2 Qxb5 13. Nxd6 Qa6 $44) 10... Nxe4 11. Bxe4 Qa5+ (11... Re8
$2 12. Ng5 $1 h6 13. Ne6 $1 fxe6 14. O-O $16) 12. Nc3 Ba6 $44) 10. a4 Nbd7 11.
O-O (11. Bf4 Qe7 12. O-O Nh5 13. Bh2 Bh6 14. Re1 Bf4 $6 15. g3 Bh6 16. Bf1 f6
17. Nd2 Bxd2 18. Qxd2 Ne5 19. Qd1 Bd7 20. f4 Nf7 21. g4 $16 {Peric,S-Anka,E/
Geneva op/1995/}) 11... Re8 $6 (11... Nh5 $142 12. Bg5 Bf6 13. Be3 Re8 14. Qd2
Qc7 (14... Rb8 15. g4 Ng7 16. Kg2 Qc7 17. Rfc1 c4 18. e5 Nxe5 19. Ne4 Qe7 20.
Nxf6+ Qxf6 21. Nxe5 Qxe5 22. Bxc4 Qe4+ 23. Kg1 Bxg4 24. Bd3 Qf3 25. hxg4 Qxg4+
26. Kf1 $16 {Bellon-San Segundo/Almeria/1989/}) (14... Ne5 15. Be2 Nxf3+ 16.
Bxf3 Ng7 17. Rfc1 Rb8 18. Rab1 a5 19. Nb5 g5 20. b3 h6 21. Qc2 Qe7 22. Bd2 b6
23. Re1 Be5 24. Bg4 Ba6 25. Na3 h5 26. Bf3 Bc8 27. Qd1 $16 {Krasenkov,
M-Kovacevic,S/Metz op/1994/}) 15. Rfc1 Ne5 16. Be2 Nxf3+ 17. Bxf3 Ng7 18. a5
Be5 19. Na4 f5 20. Nb6 Rb8 21. Nc4 fxe4 22. Bxe4 Bxb2 23. Qxb2 Rxe4 24. f3 Re8
25. Bf4 Nf5 26. Nxd6 Nxd6 27. Qf6 Bf5 28. Bxd6 {1/2/Kramnik,V-Illescas Cordoba,
M (6)/Alcobendas m/1993/}) 12. Bf4 Qe7 13. Re1 Nh5 14. Bh2 Ne5 (14... Bh6 15.
e5 $36) 15. Be2 $1 Nf6 (15... Nxf3+ 16. Bxf3 Be5 (16... Nf6 17. e5 $16 {|^[+]})
17. Bxh5 Bxh2+ 18. Kxh2 Qe5+ 19. g3 Qxh5 20. Qxh5 gxh5 21. f4 f6 22. e5 $1 fxe5
23. Ne4 $16 {[%csl Rd6,Rh5,Rh7] ק,Sarno,S-Khan Mohd,O/Novi Sad olm/1990/}) (
15... Bd7 16. a5 Kh8 17. Qd2 (17. Nxe5 $5 $16) 17... Rab8 18. Rad1 b6 19. g4
Nf6 20. Nxe5 dxe5 21. f4 Ng8 22. f5 Bh6 23. Qc2 bxa5 24. Bxa6 Rb4 25. d6 Qh4
$132 {Lobron,E-Maus,So/Hamburg SKA/1991/}) (15... Rb8 $6 {Mowsziszian} 16. Nxe5
$1 Bxe5 17. Bxh5 Bxh2+ 18. Kxh2 Qe5+ 19. g3 Qxh5 20. Qxh5 gxh5 21. e5 $1 $16 {
_|_} Rxe5 22. Rxe5 dxe5 23. Re1 f6 24. f4 exf4 25. Re8+ Kf7 26. Rh8 f3 27. Kg1
f5 28. d6 {wenn28...Ke629.Rd8!/\d7  1-0 Mowsziszian,K-Von Herman,U/Hamburg op 
(09) ;EXT 92op 1992}) 16. Nd2 $5 (16. Nxe5 dxe5 17. a5 $14) 16... g5 $1 $8 (
16... Qc7 17. f4 Ned7 18. Bf3 $16 {[%csl Gd5,Ge4,Gf4] [+]}) 17. Bxe5 {[%csl
Gc8,Gg7] Although White gains a pawn, Black's active Bishops give him
counterchances, which can't be underestimated.} Qxe5 (17... dxe5 $6 18. Nc4 $16
{[%csl Rb6,Rf5] ><f5,b6}) 18. Nf3 Qe7 $8 19. Nxg5 Bd7 {[%cal Rh7h6] /\h6} (
19... h6 20. Nf3 Nxe4 $2 21. Nxe4 Qxe4 22. Bd3 $18) (19... Nxd5 {Mowsziszian}
20. Nxd5 Qxg5 21. Nc7 Bxh3 22. Bf1 $1 Bxb2 23. Rb1 Be5 (23... Bc3 $4 24. Re3 $1
) 24. Nxa8 Rxa8 25. Rxb7 $16) 20. Bf1 (20. Bh5 $6 Rf8 $13) 20... Ng4 $1 21. Nf3
$8 (21. Nxf7 $2 Nxf2 $40) (21. hxg4 $2 Qxg5 22. Be2 (22. f3 $4 Bd4+) 22... Bxc3
23. bxc3 Rxe4 $36) 21... Ne5 22. Nh2 $6 (22. Nxe5 Bxe5 23. g3 $14 {[%cal Yf1g2,
Yf2f4] /\Bg2,f4}) (22. a5 $5 $14) 22... Bh6 $1 {Stohl: Black's Bg7 leaves it's
customary diagonal, but Black has to prevent f4 and the B will be effective in
demolishing White's King-side.} 23. a5 {Mowsziszian: Schwarz hat genug
Kompesation für die Bauern, denn er hat Angriff am Königsflügel. Deswegen hat
Weiss  keine  Zeit  für den positionellen Zug a4-a5.} (23. Qh5 Qf6 $132 (23...
Bd2 24. Red1 Bxc3 25. bxc3 b5 26. axb5 axb5 27. f4 Ng6 28. f5 Ne5 {und Weiss
hat selbst  Angriffs-Chancen.}) (23... Bf4 24. g3 $1 {Schwarz kann nicht Rg8
spielen.})) (23. g3 $142 $13) 23... Kh8 24. Qh5 Bf4 25. g3 (25. Ne2 $2 Bxh2+
26. Kxh2 Nd3 $17) 25... Rg8 26. Kh1 (26. Bg2 $6 Bxg3 $1 27. fxg3 Rxg3 28. Ne2
Rg5 29. Qh6 (29. Qh4 $2 Rxg2+) 29... Rag8 30. Nf4 Ng6 $1 $19) (26. Ne2 $5 Rg5
27. Nxf4 $1 (27. Qh4 $2 Ng6 $19) (27. Qh6 $2 Rxg3+ $19) 27... Rxh5 28. Nxh5 $44
) 26... Bxg3 $1 {After this sacrifice, the position isn t hopeless for White,
but it shows quite clearly that in a practically game it is more difficult to
defend than to attack Nach diesem Opfer ist Weiß nicht verloren, jedoch zeigt
sich hier, daß es in einer praktioschen Partie in der Regel der Angreifer
leichter hat, als der Verteidiger} 27. fxg3 Rxg3 $44 {At this moment Black has
only one pawn for the sacrificed piece, but White's forces lack coordination
and he will have to give more material.} 28. Bg2 (28. Ne2 Rg5 29. Qh6 Rag8 $19
{[%cal Rg8g6] /\R8g6}) (28. Qe2 Rag8 29. Qf2 Qg5 30. Ng4 Bxg4 31. Qxg3 Bf3+ $19
) (28. Re2 $142 {/\Rg2 kann man verteidigen.}) 28... Rag8 29. Rg1 (29. Re2 Qf6
$1 30. Nf1 (30. Rf1 Qg7 31. Rff2 Bxh3 $19) 30... R3g5 31. Qh4 Qg6 32. Ne3 (32.
Qf2 Qh5 $19) 32... Rh5 33. Qf4 Bxh3 34. Bxh3 Rxh3+ 35. Rh2 Nf3 $1 36. Rxh3 Qg1+
37. Rxg1 Rxg1#) (29. Re2) 29... Qf6 30. Ne2 $1 (30. Raf1 Qg7 31. Qe2 (31. Ng4
Nxg4 32. hxg4 (32. Rxf7 Nf2+ 33. Rxf2 Rxh3+ 34. Qxh3 Bxh3 $19) 32... Qxg4 $1 {
[%csl Rg2]} (32... Rxg4 {[%csl Rg2] Giese} 33. Qh2 (33. Rxf7 Qxf7 34. Qxf7 Rh4+
$19) (33. Rf2 Rg6 $1 {[%cal Yg6h6]} 34. Qh2 Rh6 35. Bh3 Qxg1+ 36. Qxg1 Rxh3+
$19) 33... Qe5 $1 (33... Rg6 $2 34. Bf3 $16) 34. Bh3 (34. Qxe5+ dxe5 35. Bh3
Rh4 $19) 34... Qxh2+ 35. Kxh2 Rxg1 36. Rxg1 Rxg1 37. Bxd7 Rc1 (37... Ra1 38.
Bc6 $132) 38. Kg3 {[%csl Ra6,Rb7][%cal Yd7c6]} Rc2 39. Na4 $132) 33. Qxg4 R3xg4
$1 {/\Rh4}) 31... Bxh3 32. Rf2 Nd3 $19) (30. Ng4 Bxg4 31. hxg4 R8xg4 $19) 30...
R8g5 $1 (30... R3g5 31. Qh4 Qg7 32. Nf4) 31. Qh4 (31. Nxg3 Rxh5 32. Nxh5 Qh4
33. Raf1 Qxh5 34. Rf6 Nd3 $17) (31. Rgf1 $142 $1 {[%csl Gg1,Rf6] Giese} Rxg2 (
31... Qe7 32. Nxg3 Rxh5 33. Nxh5 Qh4 34. Nf6 $18) 32. Rxf6 (32. Qh4 Rg1+ 33.
Rxg1 Rxg1+ $19 {[%csl Rh4]}) 32... Rxh2+ (32... Rxh5 33. Kxg2 Bxh3+ 34. Kg3 $18
) 33. Kxh2 Rxh5 {[%csl Rf6][%cal Ye5g4]} 34. Rxd6 Rxh3+ (34... Bxh3 35. Nf4 $18
) 35. Kg2 Rd3 $44) 31... Rxh3 32. Qf4 (32. Qxh3 $5 Bxh3 33. Bxh3 Rxg1+ 34. Kxg1
(34. Rxg1 Nd3 $36) 34... Nf3+ 35. Nxf3 Qxf3 36. Bf1 Qxe4 37. Nc3 $15) (32. Bxh3
$2 Rxg1+ {undQh4}) (32. Qxg5 $2 Rxh2+ 33. Kxh2 Qxg5 $19 {/\Qh4}) (32. Qe1 Rxh2+
33. Kxh2 Qh6+ $19) 32... Qxf4 33. Nxf4 Rh4 34. Raf1 $2 (34. Rgf1 $8 Bb5 (34...
Ng4 35. Bh3) (34... Rgg4 35. Nh3 $1 (35. Ne2 $6 Rg6 {[%cal Ye5g4]} 36. Kg1 (36.
Nf4 Rgh6 $19) 36... Bh3 37. Rf2 Nd3 38. Raf1 Nxf2 (38... Rxe4 39. Nc3 Re3 $19 {
[%csl Rf2,Rg2][%cal Ye3g3]}) 39. Rxf2 Rxe4 $19) 35... Rxg2 (35... Rg6 36. Nf3
$1 Rxh3+ 37. Bxh3 Bxh3 38. Nxe5 $16) 36. Kxg2 Rxh3 (36... Bxh3+ {Giese} 37. Kg3
Bxf1 38. Kxh4 Bd3 $17) 37. Nf3 $132) 35. Nh3 $5 Rgh5 36. Rf4 Rxh3 37. Bxh3 Rxh3
$15) (34. Ne2 $2 Ng4 $19) 34... Rg3 $1 {[%cal Ye5g4] (.) A nice example of
zugzwang, White's pieces can't move at all. Weiss gibt auf, weil er im
Zugzwang ist.} (34... Rg3 35. Ne2 (35. Bh3 Bxh3 36. Rxg3 (36. Rf2 {Giese} Ng4
37. Re2 Rb3 $19) 36... Bxf1 $19) (35. Rf2 Ng4 $19) (35. b3 h6 $1 (35... Ng4 36.
Bh3 $1 $13 Rgxh3 37. Nxh3 Rxh3 $13 38. Rxg4 Bxg4 39. Rxf7 h5 40. Rxb7 Bf3+ 41.
Kg1 Bxe4) 36. Rf2 (36. Ne2 Ng4 $1) (36. Bh3 Rxg1+ 37. Rxg1 Bxh3 $19) 36... Ng4
$1) 35... Ng4 $1 {[%cal Yh4h2]} 36. Nxg3 (36. Bh3 Rgxh3 $19) 36... Rxh2#) 0-1